000 00689nam a2200205Ia 4500
005 20260121110227.0
008 008 260114s9999 xx 000 0 hin d
020 _a9788132350156
037 _aEBOOK
040 _aCRL
_bhin
_cCRL
041 _ahin
_2hin
084 _qCRL
100 _aसंजय सिंह / Sanjay Singh
_9943602
245 0 _aपंचायती राज एवं ग्रमीण प्रशासन / Panchayati Raj Evam Gramin Prashasan
260 _bभाषा प्रकाशन / Bhasha Prakashan
_c2020
856 _uhttps://bhashaprakashan.com/product-details/378267
942 _cEBOOK
999 _c1535267
_d1535267